000 00574nam a2200193Ia 4500
003 GCL
008 140319s9999 xx 000 0 ara d
040 _aGCL /
_cGCL
082 0 4 _a709.1
_bغ و
100 1 _aغازى مكداشى
245 1 0 _aوحدةالفنون الاسلامية /
_cغازى مكداشى
300 _a312 ص
490 _aالهيئة العامة للاستعلامات
_v0
650 0 4 _aالعمارة الاسلامية
650 0 4 _aالعمارة
650 0 4 _aالفنون
650 0 4 _aالفنون الاسلامية
942 _2ddc
_cBK
999 _c48021
_d48021